| 000 | 01208cam a2200337 a 4500 | ||
|---|---|---|---|
| 001 | 12158306 | ||
| 003 | EG-ScBUE | ||
| 005 | 20211222121051.0 | ||
| 008 | 000829s2001 nyu f b 000 1 eng d | ||
| 020 | _a0141186194 | ||
| 020 | _a9780141186191 | ||
| 040 |
_aEG-ScBUE _beng _erda _cEG-ScBUE _dEG-ScBUE |
||
| 082 | 0 | 4 |
_a823.912 _bFOR _222 |
| 100 | 1 |
_aForster, E. M. _q(Edward Morgan), _d1879-1970, _eauthor. _933591 |
|
| 240 | 1 | 0 |
_aShort stories. _kSelections |
| 245 | 1 | 0 |
_aSelected stories / _cE.M. Forster ; edited with an introduction and notes by David Leavitt and Mark Mitchell. |
| 264 | 1 |
_aNew York : _bPenguin Books, _c2001. |
|
| 300 |
_axxv, 195 pages ; _c20 cm. |
||
| 336 |
_2rdacontent _atext _btxt |
||
| 337 |
_2rdamedia _aunmediated _bn |
||
| 338 |
_2rdacarrier _avolume _bnc |
||
| 490 | 0 | _aPenguin classics | |
| 504 | _aIncludes bibliographical references. | ||
| 650 | 7 |
_929903 _aShort stories. _2BUEsh |
|
| 651 | _2BUEsh | ||
| 653 |
_cSeptember2013 _bHHUUEENN |
||
| 655 |
_vReading book _934232 |
||
| 700 | 1 |
_aLeavitt, David, _d1961- _eeditor, _eauthor of introduction, etc. _933619 |
|
| 700 | 1 |
_aMitchell, Mark _q(Mark Lindsey) _eeditor, _eauthor of introduction, etc. _933620 |
|
| 942 |
_2ddc _cBB |
||
| 999 |
_c17518 _d17490 |
||